[Event "Viljandi Raud Memorial 57th"]
[Site "Viljandi"]
[Date "2023.07.05"]
[Round "5"]
[White "Vingris, Mikelis"]
[Black "Zafra, Kim"]
[Result "1-0"]
[WhiteElo "2122"]
[BlackElo "1670"]
[PlyCount "81"]
[EventDate "2023.07.02"]
[EventType "swiss"]
[EventRounds "9"]
[EventCountry "EST"]
[SourceTitle "CBM 215 Extra"]
[Source "ChessBase"]
[SourceDate "2023.09.30"]
[SourceVersion "1"]
[SourceVersionDate "2023.09.30"]
[SourceQuality "1"]

1. e4 d6 2. d4 Nf6 3. Nc3 g6 4. Be3 c6 5. f3 b5 6. Qd2 a5 7. a3 Bb7 8. Bd3 Na6 9. Nge2 Nd7 10. h4 h5 11. Rd1 Bg7 12. Ng3 b4 13. Nce2 Nb6 14. f4 Qc7 15. c3 e6 16. axb4 axb4 17. cxb4 c5 18. bxc5 dxc5 19. dxc5 Na4 20. b4 Nb2 21. Bb5+ Bc6 22. Bxc6+ Qxc6 23. Rb1 Nc4 24. Qc1 Nxe3 25. Qxe3 Rb8 26. Nd4 Qd7 27. Nge2 Rxb4 28. Rxb4 Nxb4 29. 0-0 0-0 30. Rb1 Rb8 31. Qc3 Nc6 32. Rxb8+ Nxb8 33. e5 Qd8 34. c6 Nxc6 35. Qxc6 Qxh4 36. Qc8+ Kh7 37. Nf3 Qg4 38. Ng5+ Kh6 39. Nxf7+ Kh7 40. Ng5+ Kh6 41. Qg8 1-0

[Event "Viljandi Raud Memorial 57th"]
[Site "Viljandi"]
[Date "2023.07.02"]
[Round "1"]
[White "Sakalauskas, Vaidas"]
[Black "Zafra, Kim"]
[Result "1-0"]
[WhiteElo "2340"]
[BlackElo "1670"]
[PlyCount "69"]
[EventDate "2023.07.02"]
[EventType "swiss"]
[EventRounds "9"]
[EventCountry "EST"]
[SourceTitle "CBM 215 Extra"]
[Source "ChessBase"]
[SourceDate "2023.09.30"]
[SourceVersion "1"]
[SourceVersionDate "2023.09.30"]
[SourceQuality "1"]

1. d4 Nf6 2. c4 g6 3. Nc3 Bg7 4. e4 d6 5. Be2 0-0 6. Bg5 Nfd7 7. h4 Nc6 8. Nf3 h6 9. Be3 e5 10. d5 Ne7 11. Qd2 h5 12. Ng5 Nb6 13. 0-0-0 f6 14. Ne6 Bxe6 15. dxe6 Qc8 16. Nd5 Re8 17. g4 c6 18. Nxe7+ Rxe7 19. gxh5 Qxe6 20. Qxd6 Qxd6 21. Rxd6 gxh5 22. c5 Rd7 23. Rhd1 Rad8 24. Bc4+ Kf8 25. cxb6 Rxd6 26. Rxd6 Rxd6 27. Bc5 a6 28. Bxd6+ Ke8 29. Be6 f5 30. Bxf5 Kf7 31. Kd2 Bf6 32. Ke3 Bxh4 33. Bxe5 Be7 34. f4 c5 35. a4 1-0